| 000 | 00810caa a22002535a 4500 | ||
|---|---|---|---|
| 001 | 006596108 | ||
| 005 | 20180321114258.0 | ||
| 008 | 020128t2003 enka frb 001 0 eng d | ||
| 020 | _a0852969619 | ||
| 040 |
_aStDuBDS _dUk _dEG-ScBUE _beng |
||
| 082 | 0 | 4 |
_a620.193 _222 _bPRO |
| 245 | 0 | 0 |
_aProperties of amorphous carbon / _cedited by S. Ravi P. Silva. |
| 260 |
_aLondon : _bINSPEC, _cc.2003. |
||
| 300 |
_axviii, 367 p. : _bill. ; _c29 cm. |
||
| 490 | 0 |
_aEMIS datareviews series ; _vno. 29 |
|
| 504 | _aIncludes bibliographical references and index. | ||
| 650 | 7 |
_aAmorphous substances. _2BUEsh |
|
| 650 | 7 |
_aCarbon _xElectric properties. _2BUEsh |
|
| 651 | _2BUEsh | ||
| 653 |
_bGGEN _bENGGEN _cMarch2018 |
||
| 700 | 1 |
_aSilva, S. R. P., _eeditor. |
|
| 710 | 2 | _aINSPEC (Information service) | |
| 942 | _2ddc | ||
| 999 |
_c26376 _d26348 |
||